000 01676cam a2200517Ma 4500
003 PE-LiUPU
005 20250731180054.0
008 130613s2006 ag o 000 0 spa d
020 _a9789587623772
040 _aPE-LiUPU
_bspa
_cPE-LiUPU
_erda
082 4 _a530
_bN84
_223
100 1 _aNottoli, Hernán Santiago,
_eautor
245 1 0 _aFísica aplicada a la arquitectura/
_cHernán Santiago Nottoli.
250 _aPrimera edición.
264 _aBogotá :
_bEdiciones de la U,
_c2015.
300 _a331 páginas :
_bilustraciones ;
_c21 centímetros
336 _atext
_2rdacontent
337 _aunmediated
_2rdamedia
338 _avolume
_2rdacarrier
504 _aIContiene bibliografía.
505 _aIntroducción general -- Hidroestática -- Hidrodinámica -- Calor -- Acústica -- Electricidad -- Iluminación -- Iluminación artificial -- Iluminación natural -- Uso racional de la energía -- Trabajos prácticos -- Tablas.
526 _aSEG44
526 _aSEG26
526 _aP159
526 _aP155
526 _aP154
526 _aP153
526 _aP150
526 _aP100
526 _aP31
526 _aP30
526 _aP26
526 _aP25
526 _aP24
526 _aP22
526 _aP15
526 _aP10
650 0 _aArquitectura.
_94555
650 0 _aFísica.
653 _aFisica
910 _ajck
942 _2ddc
_cBOOK
949 _a530 N84
_wDEWEY
_c1
_i72909
_lCATALOGING
_mBUL
_p21.62
_r0
_sY
_tBOOK
_u2016-05-10
_xINGENIERIA
_0COMPRA
_o.STAFF. Colección General
980 _81
_gALBERTO SANCHEZ Responsable de Automatización
999 _c9348
_d9348